Maschinen und gerate fur die pflanzenproduktion (Record no. 9247)
[ view plain ]
| 000 -LEADER | |
|---|---|
| fixed length control field | 00271nam a22001217a 4500 |
| 040 ## - CATALOGING SOURCE | |
| Transcribing agency | SK |
| 082 ## - DEWEY DECIMAL CLASSIFICATION NUMBER | |
| Classification number | 609 |
| 100 ## - MAIN ENTRY--AUTHOR NAME | |
| Personal name | ជួង សុផល |
| 245 ## - TITLE STATEMENT | |
| Title | Maschinen und gerate fur die pflanzenproduktion |
| 260 ## - PUBLICATION, DISTRIBUTION, ETC. (IMPRINT) | |
| Place of publication | RUA |
| Name of publisher | ជួង |
| Year of publication | NA |
| 300 ## - PHYSICAL DESCRIPTION | |
| Number of Pages | 228p. |
| 942 ## - ADDED ENTRY ELEMENTS (KOHA) | |
| Koha item type | សៀវភៅភាសាអង់គ្លេស |
| 952 ## - LOCATION AND ITEM INFORMATION (KOHA) | |
| Withdrawn status [LOCAL, KOHA] | 0 |
| 952 ## - LOCATION AND ITEM INFORMATION (KOHA) | |
| Withdrawn status [LOCAL, KOHA] | 0 |
| Permanent Location | Date acquired | Koha item type | Lost status | Shelving location | Barcode | Current Location | Full call number |
|---|---|---|---|---|---|---|---|
| Library Block C | 2016-08-29 | សៀវភៅភាសាអង់គ្លេស | C248 | RUA062716 | Library Block C | 609 ជួង NA C248 | |
| Library Block C | 2016-10-11 | សៀវភៅភាសាអង់គ្លេស | C329 | RUA045079 | Library Block C | 833 ជួង NA C329 |